000 02084nam a2200313 i 4500
001 000020191
003 DO-SdBPM
005 20250822085411.0
007 ta
008 100727s2008 dr a 000 0 spa d
040 _aDO-SdBPM
_bspa
_cBPMSU
_erda
049 _a
082 4 _a972.93054
_bH887h 2008
_222
245 0 0 _aHuellas de héroes, Abril 1965, efemérides de una gesta /
_cdibujos: Rafael Hutchinson
250 _a2a. edición ampliada y revisada
264 _aSanto Domingo :
_bTalleres Gráficos 16,
_bCPEP,
_c2008.
300 _a17 [2] páginas
_bilustraciones
_c22 cm.
336 _2rdacontent
_atexto
_btxt
337 _2rdamedia
_asin mediación
_bn
338 _2rdacarrier
_avolumen
_bnc
505 0 _aPresentación. 1 - José Francisco Peña Gómez convoca a la revoluciona constitucionalista. 2 - Derrocamiento del Triunvirato presidido por Donald J. Reid Cabral. 3 - Bombardeos sobre Palacio y Puente Duarte. La Batalla del Puente. 4 - Invasión militar de Estados Unidos. 5 - Establecimiento del "Corredor de seguridad". 6. - Los Constitucionalistas se atrincheran en 11 barrios de Santo Domingo. 7. - Tomas de la Fortaleza Ozama por los Constitucionalistas. 9 - juramentación del Gobierno Constitucionalista. 10. - Creación de la Fuerza Interamericana de Paz. 11 - Asalto al Palacio Nacional 12 - Asedio de Santo Domingo desde la azotea de Molinos Dominicanos. 13 - Ataques norteamericanos a la 15 y 16 de junio. 14 - Segundo ataque norteamericano a la Zona Constitucionalista. 15 - Firma de los acuerdos de paz. 16 - Renuncia del presidente Francisco Alberto Caamaño Deño. 17. - Toma de posesión del gobierno provisional de Héctor García-Godoy. 18 - Regreso de Juan Bosch
590 _aInventariado, 2025/ VM
651 7 _aRepública dominicana
_xHistoria
_yRevolución, 1965
651 7 _aRepública Dominicana
_xHistoria
_yGolpe de Estado, 1963
700 1 _aHutchinson, Rafael
_eilustración
710 2 _aRepública Dominicana
_bComisión Permanente de Efemérides Patria
910 _aVMateo V. Control de dalidad. BPMSU
942 _2ddc
_cBK
999 _c15350
_d15350